| 000 | 01283cam a2200361 i 4500 | ||
|---|---|---|---|
| 999 |
_c200452551 _d70763 |
||
| 003 | TR-AnTOB | ||
| 005 | 20230402203405.0 | ||
| 007 | ta | ||
| 008 | 230308t20222022tu 001 0 tur d | ||
| 020 |
_a9786258352092 _c(hardback) |
||
| 040 |
_aT9K _beng _erda _cT9K _dTR-AnTOB |
||
| 041 | 0 | _atur | |
| 050 | 1 | 4 |
_aBP190.5.S3 _bA3173 2022 |
| 090 |
_aBP190.5.S3 _bA3173 2022 |
||
| 100 | 0 |
_aAhmet Mithat, _d1844-1912 _eauthor _96738 |
|
| 245 | 1 | 0 |
_aNizâ’-ı İlm ü dîn : _bislâm ve ulûm / _cAhmed Midhat Efendi ; hazırlayan: Mustafa Alper ; editör Prof. Dr. Mustafa Çiçekler. |
| 246 | 1 | 3 | _aConflict of science and religion: Islam and sciences. |
| 250 | _aBirinci basım | ||
| 264 | 1 |
_aAnkara : _bTürkiye Bilimler Akademisi Yayınları, _c2022. |
|
| 264 | 4 | _c©2022 | |
| 300 |
_a758 pages ; _c24 cm |
||
| 336 |
_atext _btxt _2rdacontent |
||
| 337 |
_aunmediated _bn _2rdamedia |
||
| 338 |
_avolume _bnc _2rdacarrier |
||
| 490 | 0 |
_aTürk-İslâm Bilim Kültür Mirası Dizisi ; _v45 |
|
| 504 | _aBIBINDX | ||
| 650 | 7 |
_aİslam ve bilim _2etuturkob _911325 |
|
| 650 | 7 |
_aDin ve bilim _2etuturkob _917095 |
|
| 700 | 1 |
_aÇiçekler, Mustafa _eeditor _980470 |
|
| 700 | 1 |
_aAlper, Mustafa _eeditor _9141074 |
|
| 942 |
_2lcc _cBK |
||